000 01026pam a2200169 a 4500
999 _c5743
_d5743
020 _a0821895001 (alk. paper)
050 0 0 _aGV706.8
_b.S2313
100 1 _aSadovskiĭ, Leonid Efimovich.
245 1 0 _aMathematics and sports /
_cL.E. Sadovskiĭ and A.L. Sadovskiĭ ; translated from the Russian by S. Makar-Limanov.
260 _aProvidence, R.I. :
_bAmerican Mathematical Society,
_cc1993.
300 _aix, 152 p. :
_bill. ;
_c26 cm.
440 0 _aMathematical world ;
505 _aChapter 1. Mathematics and sports (in place of a foreword) Chapter 2. What is applied mathematics? Chapter 3. Why five sets? (mathematical modeling of tennis) Chapter 4. Those judges! Chapter 5. Records! Records! Chapter 6. Linear programming and sports Chapter 7. Game models (chapter 7) Chapter 8. Organizing competitions is an operations planning problem Chapter 9. Classifications in sports Chapter 10. Conclusion Chapter 11. References.
650 0 _aSports
_xMathematics.
700 1 _aSadovskiĭ, A. L.
942 _cBK